| 000 | 00991nam a22003137a 4500 | ||
|---|---|---|---|
| 001 | BR0203803 | ||
| 003 | BR-BrBNA | ||
| 005 | 20230928101130.0 | ||
| 007 | ta | ||
| 008 | 230509b bl.||||| |||| 00| 0 por d | ||
| 040 |
_aBR-BrBNA _bpor _cBiblioteca Nacional de Agricultura |
||
| 041 | _a(Por) | ||
| 072 |
_aF30; U10 _b0120 |
||
| 090 | _ 0120 BR0203803 | ||
| 100 | 1 | _aMeyer, A. da S. | |
| 110 | 1 |
_aEscola Superior de Agricultura Luiz de Queiroz, Piracicaba, SP (Brasil) _0Tese (Mestre em Agronomia) |
|
| 245 | 1 | _aComparação de coeficientes de similaridade usados em análise de agrupamento com dados de marcadores moleculares dominantes | |
| 260 | 3 |
_aPiracicaba, SP (Brasil): _c2002. |
|
| 300 | _a106 p. | ||
| 500 | _aSummaries (Eng, Por); 50 ref.; | ||
| 650 | _aMILHO | ||
| 650 | _aVARIAÇÃO GENÉTICA | ||
| 650 | _aLINHAGEM | ||
| 650 | _aMARCADOR MOLECULAR | ||
| 650 | _aMÉTODO ESTATÍSTICO | ||
| 650 | _aDNA | ||
| 909 |
_a202309 _bLucia _c55 _dLucia Elande |
||
| 942 | _cBK | ||
| 999 |
_c64399 _d64399 |
||